| Tag |
First Indicator |
Second Indicator |
Subfields |
| LEADER |
00000cam a2200000 i 4500 |
| 001 |
in00004403521 |
| 006 |
m o d f |
| 007 |
cr ||||||||||| |
| 008 |
210319s1978 dcu o f000 0 eng c |
| 005 |
20230220221455.2 |
| 035 |
|
|
|a (OCoLC)on1242424726
|
| 040 |
|
|
|a GPO
|b eng
|e rda
|e pn
|c GPO
|d GPO
|d MvI
|
| 042 |
|
|
|a pcc
|
| 043 |
|
|
|a n-us---
|
| 049 |
|
|
|a WWW
|
| 074 |
|
|
|a 1051-H-08 (online)
|
| 086 |
0 |
|
|a Y 3.N 88:56/78-30
|
| 110 |
2 |
|
|a U.S. Nuclear Regulatory Commission,
|0 http://id.loc.gov/authorities/names/n78034875
|e author.
|
| 245 |
1 |
0 |
|a Nuclear security personnel for power plants, content and review procedures criteria for a security training and qualification program.
|
| 264 |
|
1 |
|a Washington, D.C. :
|b United States Nuclear Regulatory Commission,
|c 1978.
|
| 300 |
|
|
|a 1 online resource.
|
| 336 |
|
|
|a text
|b txt
|2 rdacontent
|
| 337 |
|
|
|a computer
|b c
|2 rdamedia
|
| 338 |
|
|
|a online resource
|b cr
|2 rdacarrier
|
| 490 |
1 |
|
|a Generic letter ;
|v 78-30
|
| 500 |
|
|
|a "August 4, 1978."
|
| 500 |
|
|
|a GPO Cataloging Record Distribution Program (CRDP).
|
| 588 |
|
|
|a Description based on online resource; title from HTML caption (NRC, viewed Mar. 19, 2021).
|
| 650 |
|
0 |
|a Nuclear power plants
|0 http://id.loc.gov/authorities/subjects/sh85093030
|x Security measures
|0 http://id.loc.gov/authorities/subjects/sh99005297
|z United States.
|0 http://id.loc.gov/authorities/names/n78095330
|
| 650 |
|
0 |
|a Nuclear power plants
|x Employees
|0 http://id.loc.gov/authorities/subjects/sh85093037
|x Training of
|0 http://id.loc.gov/authorities/subjects/sh00005618
|z United States.
|0 http://id.loc.gov/authorities/names/n78095330
|
| 830 |
|
0 |
|a Generic letter ;
|0 http://id.loc.gov/authorities/names/no2010135476
|v 78-30.
|
| 856 |
4 |
0 |
|u https://purl.fdlp.gov/GPO/gpo152982
|t 0
|
| 999 |
f |
f |
|s 3ba5cd26-7837-42ad-ade6-3d0c70a35b8b
|i 17700c16-f34f-3996-a605-469067e315df
|t 0
|
| 952 |
f |
f |
|a Texas A&M University
|b College Station
|c Electronic Resources
|d Available Online
|t 0
|e Y 3.N 88:56/78-30
|h Superintendent of Documents classification
|
| 998 |
f |
f |
|a Y 3.N 88:56/78-30
|t 0
|l Available Online
|